Strategic Staffing in the Provision of Quality Education in Public Primary Schools in Bunda District, Tanzania (Record no. 217155)

MARC details
000 -LEADER
fixed length control field 00686nam a22001577a 4500
008 - FIXED-LENGTH DATA ELEMENTS--GENERAL INFORMATION
fixed length control field 260515b |||||||| |||| 00| 0 eng d
050 ## - LIBRARY OF CONGRESS CALL NUMBER
Classification number THE LB 2831 .T3 A74 2026
Item number C.1
100 ## - MAIN ENTRY--PERSONAL NAME
Personal name Arende, Erasto George
245 ## - TITLE STATEMENT
Title Strategic Staffing in the Provision of Quality Education in Public Primary Schools in Bunda District, Tanzania
260 ## - PUBLICATION, DISTRIBUTION, ETC.
Place of publication, distribution, etc. Kisii
Name of publisher, distributor, etc. Kisii University
Date of publication, distribution, etc. 2026
300 ## - PHYSICAL DESCRIPTION
Extent xv, 107p.:ill.
500 ## - GENERAL NOTE
General note Includes bibliographical references
650 ## - SUBJECT ADDED ENTRY
Topical term or geographic name entry element 1. School personnel management - Tanzania - Bunda District. 2. Education quality - Tanzania - Primary education. 3. Teacher allocation - Tanzania - Primary Schools.
942 ## - ADDED ENTRY ELEMENTS (KOHA)
Source of classification or shelving scheme Library of Congress Classification
Koha item type Reference
Holdings
Withdrawn status Lost status Source of classification or shelving scheme Damaged status Not for loan Collection Home library Current library Date acquired Inventory number Total checkouts Full call number Barcode Date last seen Copy number Price effective from Koha item type
    Library of Congress Classification     Special Research Kisii University Library Kisii University Library 05/15/2026 113335   Staffing in the Provision of Quality Education in Public Primary Schools in Bunda District, Tanzania A002062 05/15/2026 C.1 05/15/2026 Reference